| 000 | 01103cam a22003257a 4500 | ||
|---|---|---|---|
| 003 | CHAP | ||
| 005 | 20220329133832.0 | ||
| 008 | 971013s1986 r 00010 d | ||
| 010 | _a11574 | ||
| 011 | _a12546 | ||
| 035 | _a15732 | ||
| 040 | _cCHAP | ||
| 090 | _aTesis | ||
| 100 | 0 | 0 |
_aMorales Moreno, Arturo. _978355 |
| 245 | 0 | _aMapeo de la salinidad del suelo de la parte suroeste de Galeana, N. L. usando la técnica de sensores remotos | |
| 260 |
_aMarín, N. L. : _bEl autor, _c1986 |
||
| 300 |
_a73 h. _b: ilus. |
||
| 502 | _aTesis (Ing. Agrónomo Fitotecnista) -- Univ. Autónoma de Nuevo León. Fac. de Agronomía | ||
| 590 |
_aALEPH _b10 _c20130110 _lUCH01 _h1229 |
||
| 590 |
_aBATCH-UPD _b10 _c20130110 _lUCH01 _h1854 |
||
| 590 |
_aBATCH-UPD _b10 _c20130410 _lUCH01 _h1223 |
||
| 590 |
_aBATCH-UPD _b10 _c20130914 _lUCH01 _h2036 |
||
| 590 |
_aCONVERSION _b10 _c20130109 _lUCH01 _h1308 |
||
| 650 | 1 | 4 |
_aSuelos salinos. _9110558 |
| 650 | 1 | 4 |
_aSuelos _xMapas. _9110427 |
| 650 | 1 | 4 |
_aSuelos _xNuevo León. _9110453 |
| 901 | _aBK | ||
| 942 | _cTESIS | ||
| 949 |
_bBC _cTES _d-27941 _eTS1 _h20029 _i15732 _si |
||
| 999 |
_c11574 _d11574 |
||